[Event "Open"]
[Site "Pula CRO"]
[Date "2000.05.20"]
[Round "5"]
[White "Mikac,M"]
[Black "Morovic Fernandez,I"]
[Result "1/2-1/2"]
[WhiteElo "2418"]
[BlackElo "2611"]

1.g3 d5 2.Nf3 b6 3.Bg2 Bb7 4.O-O Nf6 5.d4 Nbd7 6.Ne5 e6 7.c4 c6 8.Nc3 Be7
9.Bf4 O-O 10.e4 dxc4 11.Nxc4 Ba6 12.Qb3 b5 13.Ne5 Nxe5 14.dxe5 Nd7 15.Rfd1 Qe8
16.h4 Bb7 17.Qc2 a6 18.Qd2 Rd8 19.Qe3 h6 20.Qe2 Bc5 21.Qg4 Kh7 22.Qh5 Qe7
23.Bg5 f6 24.exf6 Bxf2+ 25.Kh1 Nxf6 26.e5 Rxd1+ 27.Qxd1 hxg5 28.exf6 Qxf6
29.Ne4 Qxb2 30.Rb1 Qxa2 31.Nxg5+ Kg8 32.Qd3 Rf5 33.Qd8+ Rf8 34.Qd3 Rf5 35.Qd8+  1/2-1/2

[Event "Open"]
[Site "Pula CRO"]
[Date "2000.05.20"]
[Round "5"]
[White "Boric,M"]
[Black "Pavasovic,D"]
[Result "1/2-1/2"]
[WhiteElo "2413"]
[BlackElo "2544"]

1.Nf3 d5 2.g3 Bg4 3.Bg2 c6 4.O-O Nd7 5.d3 Ngf6 6.Nbd2 e5 7.h3 Bh5 8.e4 Bd6
9.Qe1 O-O 10.Nh4 Re8 11.Bf3 Bxf3 12.Nhxf3 a5 13.Qe2 a4 14.a3 Nc5 15.Nh2 Ne6
16.Ng4 Nd4 17.Qd1 b5 18.Kg2 h6 19.Re1 dxe4 20.dxe4 Nxg4 21.hxg4 Kf8 22.Nf3 Qf6
23.g5 Qxf3+ 24.Qxf3 Nxf3 25.Kxf3 hxg5 26.Bxg5  1/2-1/2

[Event "zt3.2b Oceana"]
[Site "Auckland NZL"]
[Date "2000.05.21"]
[Round "2"]
[White "Watson,B"]
[Black "Levi,E"]
[Result "1/2-1/2"]
[WhiteElo "2260"]
[BlackElo "2246"]

1.Nf3 d5 2.g3 Bg4 3.Bg2 Nd7 4.d4 Ngf6 5.c4 e6 6.Nc3 c5 7.cxd5 exd5 8.O-O Be7
9.h3 Be6 10.Be3 c4 11.Ne5 Bb4 12.Bg5 Bxc3 13.bxc3 Qa5 14.Nxd7 Nxd7 15.Qc2 O-O
16.Rfb1 Nb6 17.a4 Bd7 18.Rb4 Rfe8 19.e3 Bc6 20.Bf4 Nd7 21.Qf5 Nf6 22.Be5 Re6
23.Bxf6 Rxf6 24.Qb1 Re8 25.Ra3 Qd8 26.a5 a6 27.Rb2 Qd6 28.Raa2 h5 29.h4 g6
30.Re2 Rfe6 31.Qb6 R6e7 32.Qc5 Qd7 33.Rab2 Qf5 34.e4 dxe4 35.Qxf5 gxf5 36.Bh3 e3
37.Bxf5 Bf3 38.Rxe3 Rxe3 39.fxe3 Rxe3 40.Rc2 Bd5 41.Kh2 Re1 42.g4 hxg4 43.Bxg4 Ra1
44.Kg3 Rxa5 45.Bf3 Bxf3 46.Kxf3 Ra3 47.Ke4 Ra1 48.Kd5 Rh1 49.Kxc4 Rxh4 50.Kc5 Rh6
51.c4 Kf8 52.Rb2 Rc6+ 53.Kd5 Rc7 54.c5 Ke7 55.Kc4 f5 56.d5 Kf6 57.d6 Rd7
58.Kd5 f4 59.Re2 Rf7 60.Re6+ Kg7 61.c6 bxc6+ 62.Kxc6 f3 63.Re1 Kg6 64.d7  1/2-1/2

[Event "Leonid Stein Mem B"]
[Site "Lviv UKR"]
[Date "2000.05.21"]
[Round "9"]
[White "Sulypa,A"]
[Black "Chernin,A"]
[Result "1/2-1/2"]
[WhiteElo "2449"]
[BlackElo "2583"]

1.Nf3 d5 2.g3 c6 3.Bg2 Bg4 4.O-O Nd7 5.d3 e5 6.e4 dxe4 7.dxe4 f6 8.Qe2 Qc7
9.Rd1 Bc5 10.Nbd2 Ne7 11.Nb3 Bb6 12.a4  1/2-1/2

[Event "zt3.2b Oceana"]
[Site "Auckland NZL"]
[Date "2000.05.26"]
[Round "7"]
[White "Garbett,P"]
[Black "Levi,E"]
[Result "1-0"]
[WhiteElo "2360"]
[BlackElo "2246"]

1.Nf3 d5 2.g3 c5 3.Bg2 Nc6 4.d4 Nf6 5.O-O Bg4 6.Ne5 cxd4 7.Nxg4 Nxg4 8.e3 Nf6
9.exd4 e6 10.c4 Be7 11.Nc3 O-O 12.cxd5 Nxd5 13.Nxd5 exd5 14.Be3 Bf6 15.Qd2 Qb6
16.Rfd1 Rfd8 17.Rac1 Be7 18.h4 Rac8 19.Bh3 Rc7 20.Kg2 Bd6 21.h5 h6 22.Bf5 Bf8
23.Bf4 Re7 24.Bb1 Rde8 25.Be3 Re6 26.a3 Bd6 27.Qd3 Re4 28.Qc3 R4e6 29.Bf5 Rf6
30.Bg4 Qd8 31.Qb3 Qb8 32.Re1 Ne7 33.Bd2 Bc7 34.Bd7 Rd8 35.Rxe7 Bd6 36.Qe3 Bxe7
37.Qxe7 Kh7 38.Bf4 Rxf4 39.gxf4 Qxf4 40.Re1 Rg8 41.Qe3 Qh4 42.Rh1 Qd8 43.Bf5+ Kh8
44.Rh3 Re8 45.Qxe8+ Qxe8 46.Rc3 g6 47.Rc8  1-0

[Event "zt 1.8"]
[Site "Minsk BLR"]
[Date "2000.05.26"]
[Round "1"]
[White "Iordachescu,V"]
[Black "Aleksandrov,A"]
[Result "1-0"]
[WhiteElo "2560"]
[BlackElo "2606"]

1.Nf3 d5 2.g3 Bg4 3.Bg2 Nd7 4.O-O c6 5.d4 e6 6.Nbd2 Ngf6 7.Re1 Be7 8.e4 dxe4
9.Nxe4 O-O 10.c3 Bh5 11.Nxf6+ Bxf6 12.Bf4 Qb6 13.Qb3 Rfe8 14.Bd6 Be7 15.Bxe7 Rxe7
16.Ne5 Nxe5 17.Rxe5 Bg6 18.Rae1 Rd7 19.h4 h6 20.Bf3 Qxb3 21.axb3 Kf8 22.b4 a6
23.g4 Ke7 24.Kg2 Kd6 25.Bd1 Kc7 26.Bb3 Rh8 27.Kg3 h5 28.f3 Rdd8 29.Bc4 Rh7
30.Bf1 Rdh8 31.g5 Bc2 32.Bh3 Rd8 33.f4 g6 34.Kf3 Rhh8 35.Ke3 Bb3 36.Rc1 b5
37.Ra1 Kb6 38.Ra3 Bd1 39.Bg2 Rd6 40.b3 Rhd8 41.Kd2 Bg4 42.Re1 Bf5 43.Rea1 Ra8
44.Ke3 Ra7 45.c4 Rd8 46.R3a2 Rdd7 47.Rc1 Rdc7 48.Raa1 Rc8 49.cxb5 Kxb5 50.Bf1+ Kb6
51.Rc5 Rd8 52.Bg2 Rd6 53.Rac1 Rc7 54.Bf3 Rc8 55.Ra1 Rd7 56.Bg2 Bg4 57.Bf1 Ra8
58.b5 cxb5 59.Bg2 Rd5 60.Bxd5 exd5 61.Rxd5 a5 62.Rd6+ Kc7 63.Rf6 Be6 64.Rc1+ Kd6
65.Ke4 Ke7 66.d5 Bd7 67.Kd4 a4 68.Re1+ Kf8 69.bxa4 bxa4 70.Rb6 a3 71.Kc3 Ra5
72.Rd6 a2 73.Kb2 Bb5 74.Rd8+ Kg7 75.Ka1 Ra7 76.d6 Ra4 77.d7 Bxd7 78.Rxd7 Rxf4
79.Re8  1-0

[Event "zt3.2a"]
[Site "Vung Tau VIE"]
[Date "2000.05.27"]
[Round "7"]
[White "Mascarinas,R"]
[Black "Villamayor,B"]
[Result "1/2-1/2"]
[WhiteElo "2415"]
[BlackElo "2474"]

1.Nf3 d5 2.g3 Nf6 3.Bg2 c6 4.O-O Bf5 5.d3 h6 6.b3 e6 7.Bb2 Be7 8.Nbd2 O-O
9.Ne5 Nbd7 10.e4 Bh7 11.Nxd7 Nxd7 12.Qe2 a5 13.a3 Re8 14.Rfe1 Bf6 15.d4 Qb6
16.e5 Be7 17.c4 dxc4 18.Qxc4 Red8 19.Qc3 Qa7 20.Ne4 Rac8 21.Rac1 Nb6 22.h4 Nd5
23.Qc4 Qb6 24.Nc5 Qa7 25.Bh3 Kh8 26.Qe2 b6 27.Ne4 Bxe4 28.Qxe4 c5 29.Bf1 cxd4
30.Rxc8 Rxc8 31.Bd3 g6 32.h5 Rg8 33.hxg6 Rxg6 34.Qf3 Rg7 35.Re4 Qc7 36.Kg2 Kg8
37.Rg4 Bc5 38.Rxg7+ Kxg7 39.Qh5 Be7 40.Qg4+ Kf8 41.Qxd4 Qc6 42.Be4 Qc5 43.Qd2 Bg5
44.f4 Be7 45.a4 Ne3+ 46.Kf3 Nf5 47.Kg2 h5 48.Qc3 Qxc3 49.Bxc3 Kg7 50.Kh3 Bc5
51.Bd3 Kg6 52.g4 hxg4+ 53.Kxg4 Bg1 54.Be1 Bc5 55.Bh4 Bg1 56.Bd8 Bc5 57.Bc2 Bd4
58.Kf3 Kg7 59.Ke4 Bg1 60.Bd1 Kf8 61.Kd3 Ke8 62.Bg5 Ne7 63.Kc4 Be3 64.Kd3 Nd5
65.Ke4 Bd2 66.Be2 Bb4 67.Bc4 Ne7  1/2-1/2

[Event "zt 1.8"]
[Site "Minsk BLR"]
[Date "2000.05.28"]
[Round "3"]
[White "Ibrahimov,R"]
[Black "Aleksandrov,A"]
[Result "0-1"]
[WhiteElo "2415"]
[BlackElo "2606"]

1.Nf3 d5 2.g3 Bg4 3.Bg2 Nd7 4.d4 Ngf6 5.O-O e6 6.Nbd2 Be7 7.Re1 O-O 8.e4 dxe4
9.Nxe4 Nxe4 10.Rxe4 Nf6 11.Re1 c5 12.c3 Rc8 13.Be3 Nd5 14.Qa4 Nxe3 15.fxe3 Bd6
16.dxc5 Bxf3 17.cxd6 Bxg2 18.Kxg2 Qxd6 19.Rad1 Qb6 20.Qb3 Qa6 21.Rd2 Rc5
22.a3 Qc6+ 23.Kg1 h5 24.Qb4 a5 25.Qf4 Rd5 26.Red1 Rf5 27.Qd4 Rg5 28.Qd6 Qb5
29.Qd7 Qb6 30.Qd4 Qc6 31.Qd6 Qe4 32.Qf4 Qg6 33.Kh1 b5 34.Qf3 Rf5 35.Qe2 Re5
36.Rd4 Qg5 37.e4 h4 38.Qf3 hxg3 39.Qxg3 Qf6 40.Qg2 Rg5 41.Qe2 Qe5 42.Rd8 Rxd8
43.Rxd8+ Kh7 44.Rd2 Qf4 45.Rd1 f6 46.Rf1 Qh4 47.Qe3 a4 48.Rf4 Qh5 49.Rf3 Qg4
50.Rh3+ Kg8 51.Rg3 Qd1+ 52.Kg2 Re5 53.Qd3 Qxd3 54.Rxd3 Rxe4 55.Kf3 Re5 56.Rd8+ Kf7
57.Rc8 f5 58.c4 bxc4 59.Rxc4 Rb5 60.Rxa4 Rb3+ 61.Kf2 Rxb2+ 62.Kg3 Rb3+ 63.Kf2 g5
64.Ra8 Kf6 65.a4 Ke5 66.a5 Kf4  0-1

[Event "Guillermo Garcia Premier I"]
[Site "Santa Clara CUB"]
[Date "2000.05.28"]
[Round "4"]
[White "Roeder,M"]
[Black "Borges Mateos,J"]
[Result "1/2-1/2"]
[WhiteElo "2413"]
[BlackElo "2435"]

1.Nf3 d5 2.g3 c5 3.Bg2 Nc6 4.O-O e6 5.c4 d4 6.d3 Nge7 7.e3 dxe3 8.fxe3 Nf5
9.a3 Be7 10.b4 Bf6 11.Ra2 cxb4 12.g4 Nd6 13.axb4 e5 14.b5 Nb4 15.Ra4  1/2-1/2

[Event "SVOLTA Open"]
[Site "Turin ITA"]
[Date "2000.05.28"]
[Round "1"]
[White "Sarno,S"]
[Black "Saccona,S"]
[Result "1-0"]
[WhiteElo "2391"]
[BlackElo "2113"]

1.Nf3 d5 2.g3 Nf6 3.Bg2 c5 4.O-O Nc6 5.c4 e6 6.b3 Be7 7.e3 O-O 8.Bb2 Qc7
9.Qe2 b6 10.Nc3 dxc4 11.bxc4 Bb7 12.Nb5 Qc8 13.Rfd1 Rd8 14.d4 Na5 15.Rac1 a6
16.Na3 Qc6 17.Nh4 Qc8 18.Nf3 Qc6 19.Nb1 Qa4 20.Ba1 Rac8 21.Ne5 cxd4 22.exd4 Bxg2
23.Kxg2 Qe8 24.Nd2 b5 25.c5 Nd5 26.a4 bxa4 27.Qxa6 Nb3 28.Nxb3 axb3 29.Rb1 Ra8
30.Qc4 Ra2 31.Qxb3 Rda8 32.Bb2 f6 33.Nc4 Qc6 34.Kg1 Kf7 35.Na3 R8xa3 36.Bxa3 Re2
37.Rb2 Ne3 38.d5 Rxb2 39.Qxe3 Qa4 40.Qxe6+ Kg6 41.Re1  1-0

[Event "Bank Pocztowy Open"]
[Site "Bydgoszcz POL"]
[Date "2000.05.29"]
[Round "2"]
[White "Krainski,A"]
[Black "Romanov,E"]
[Result "1-0"]
[WhiteElo "2271"]
[BlackElo "2143"]

1.Nf3 d5 2.g3 Nf6 3.Bg2 e6 4.O-O Be7 5.d3 O-O 6.Nbd2 c5 7.e4 Nc6 8.e5 Nd7
9.Re1 Qc7 10.Qe2 b5 11.h4 Ba6 12.Nf1 Rac8 13.Bf4 Rfe8 14.Ne3 Nf8 15.h5 h6
16.Ng4 Nh7 17.Qd2 Bf8 18.c3 b4 19.Bf1 Qb6 20.c4 Red8 21.Qc2 Bb7 22.b3 Ne7
23.Bg2 Nf5 24.Rad1 Bc6 25.Ne3 Nxe3 26.Bxe3 Qb7 27.Qe2 Be7 28.Nh2 f6 29.exf6 Bxf6
30.Ng4 d4 31.Bxc6 Qxc6 32.Bf4 Re8 33.Qe4 Qxe4 34.Rxe4 e5 35.Bd2 Re7 36.Rde1 Rce8
37.f4 Re6  1-0

[Event "Bank Pocztowy Open"]
[Site "Bydgoszcz POL"]
[Date "2000.05.30"]
[Round "3"]
[White "Krainski,A"]
[Black "Vysochin,S"]
[Result "1/2-1/2"]
[WhiteElo "2271"]
[BlackElo "2494"]

1.Nf3 d5 2.g3 c6 3.Bg2 Bg4 4.O-O Nd7 5.d3 Ngf6 6.Nbd2 e5 7.e4 Bd6 8.Qe1 O-O
9.h3 Bh5 10.Nh4 Re8 11.Nf5 Bf8 12.Nf3 dxe4 13.dxe4 Qc7 14.N3h4 Nc5 15.Kh2 Ne6
16.Qc3 a5 17.a3 Bb4 18.Qb3 Bc5 19.Be3 Rad8 20.Bxc5 Nxc5 21.Qe3 Ne6 22.b4 Bg6
23.c3 c5 24.Rac1 Rd7 25.Rfd1 Red8 26.Bf3 Rxd1 27.Bxd1 axb4 28.axb4 Bxf5 29.Nxf5 c4
30.Be2 g6 31.Nh6+ Kg7 32.Ng4 Nxg4+ 33.hxg4 b5 34.Kg2 Qe7 35.Rd1 h6 36.Rxd8 Qxd8
37.Kf1 Qa8 38.Bf3 Qa1+ 39.Qe1 Qb2 40.Kg2 Nd4 41.cxd4 c3 42.Bd1 exd4 43.e5 c2
44.e6 Qc1 45.Qe5+ Kf8 46.Qd6+ Kg8 47.Qd8+ Kg7 48.Qd7 Qxd1 49.Qxf7+ Kh8 50.Qf8+ Kh7
51.Qe7+ Kg8  1/2-1/2

[Event "zt 1.8"]
[Site "Minsk BLR"]
[Date "2000.05.31"]
[Round "6"]
[White "Ibrahimov,R"]
[Black "Deseatnicov,I"]
[Result "1-0"]
[WhiteElo "2415"]
[BlackElo "2266"]

1.Nf3 d5 2.g3 Nf6 3.Bg2 g6 4.c4 Bg7 5.O-O O-O 6.cxd5 Nxd5 7.d4 Nc6 8.Nc3 Nb6
9.d5 Na5 10.e4 c6 11.dxc6 Qxd1 12.Rxd1 Nxc6 13.a4 Na5 14.Bg5 Be6 15.Bxe7 Rfe8
16.Bg5 h6 17.Bf4 Bb3 18.Re1 Nbc4 19.Nd2 Nxb2 20.e5 g5 21.Nxb3 Nxb3 22.Rab1 Nd3
23.Red1 Nbc5 24.Be3 Bxe5 25.Ne4 Rac8 26.Nxc5 Nxc5 27.a5 Bc3 28.Rd5 Rxe3 29.fxe3 Bxa5
30.Rd6 Kg7 31.Rf1 Bc3 32.Rc1 Bf6 33.Rd7 Bb2 34.Rc2 Nxd7 35.Rxc8 a5 36.Rc7 Ne5
37.Rxb7 Bc1 38.Rb5 Bxe3+ 39.Kh1 Nc4 40.Bd5 Nb6 41.Ba2 a4 42.Kg2 Bd4 43.Ra5 Kg6
44.Bb1+ Kg7 45.Ra7 Be5 46.Re7 Bd4 47.Ba2 a3 48.Rxf7+ Kg6 49.Ra7 Bc5 50.Ra5 Bf8
51.Ra6 Bc5 52.Kf3 Kf5 53.Ra7 Ke5 54.Rh7 Nd5 55.Rxh6 Nb4 56.Bb3 a2 57.Re6+ Kd4
58.Bxa2 Nxa2 59.Kg4 Kd5 60.Re1 Nc3 61.Kxg5 Bf2 62.Re8 Bg1 63.h4 Bf2 64.g4 Ne4+
65.Kf4 Nf6 66.Rh8 Ke6 67.g5 Nd5+ 68.Kg4 Kf7 69.h5 Be3 70.h6 Nf4 71.Kf5 Bd4
72.g6+ Nxg6 73.Rh7+ Kf8 74.Kxg6  1-0

[Event "Dutch Team Championships"]
[Site "Breda NED"]
[Date "2000.06.01"]
[Round "1"]
[White "Carlier,B"]
[Black "Rogers,I"]
[Result "1/2-1/2"]
[WhiteElo "2418"]
[BlackElo "2562"]

1.Nf3 d5 2.g3 c6 3.Bg2 Bg4 4.O-O Nd7 5.d4 e6 6.Nbd2 Ngf6 7.Re1 Be7 8.e4 O-O
9.c3 Bh5 10.a4 Bg6 11.exd5 cxd5 12.a5 Qc7 13.Qb3 Rac8 14.a6 b6 15.Bf1 Bd6
16.Nb1 Bxb1 17.Rxb1 Ne4 18.Ng5 Nxg5 19.Bxg5 Nb8 20.Qa4 Be7 21.Bf4 Bd6 22.Bg5 Be7
23.Bf4 Bd6 24.Bg5  1/2-1/2

[Event "Master Open"]
[Site "Lausanne SUI"]
[Date "2000.06.01"]
[Round "2"]
[White "Hernando Pertierra,J"]
[Black "Rausis,I"]
[Result "1/2-1/2"]
[WhiteElo "2403"]
[BlackElo "2486"]

1.g3 d5 2.Nf3 Nf6 3.Bg2 e6 4.O-O Be7 5.d3 b6 6.a4 Bb7 7.a5 O-O 8.Nbd2 c5
9.e4 b5 10.exd5 exd5 11.b4 cxb4 12.Nd4 Nc6 13.N2b3 Nxd4 14.Nxd4 a6 15.Nf5 Re8
16.Nxe7+ Qxe7 17.Bb2 d4 18.Bxb7 Qxb7 19.Bxd4 Nd5 20.Qg4 f6 21.Rfe1 Qc6 22.Re4 Rxe4
23.dxe4 Ne7 24.e5 f5 25.Qg5 Qe6 26.Bb2 Rd8 27.Qe3 Nd5 28.Qb3 h6 29.Rd1 Kh7
30.h4 Qc6 31.Rd4 Rd7 32.h5 Kh8 33.Qd3 Qe6 34.f4 Kg8 35.Kf2 Qf7 36.Kg2 Qe6
37.Kf2 Qf7 38.Kg2  1/2-1/2

[Event "NOR Team-ch"]
[Site "Oslo NOR"]
[Date "2000.06.01"]
[Round "2"]
[White "Bern,I"]
[Black "Rolvaag,M"]
[Result "1-0"]
[WhiteElo "2379"]
[BlackElo "2260"]

1.g3 d5 2.Nf3 c6 3.b3 Bg4 4.Bg2 Nd7 5.Bb2 Ngf6 6.O-O e6 7.d3 Be7 8.Nbd2 O-O
9.e4 Qa5 10.e5 Ne8 11.a3 f5 12.h3 Bh5 13.c4 dxc4 14.dxc4 c5 15.Qc2 Qc7 16.Bc3 a5
17.Qb2 g5 18.Nh2 Ng7 19.Rfe1 Rfd8 20.Nhf1 Nb8 21.Ne3 Nc6 22.g4 Bg6 23.Nd5 exd5
24.cxd5 Nd4 25.Nc4 fxg4 26.d6 Bxd6 27.exd6 Qf7 28.Bxd4 cxd4 29.Qxd4 Nf5 30.Qxg4 Qf6
31.Rad1 h5 32.Qf3 Rac8 33.d7 Rc5 34.Rd6 Qg7 35.Rxg6 Qxg6 36.Qxb7 Nh4 37.Bd5+ Kh8
38.Re6 Qb1+ 39.Kh2 Qc1 40.Re8+ Kg7 41.Re7+ Kh8 42.Re8+ Kg7 43.Re7+ Kh8 44.Ne3 g4
45.hxg4 hxg4 46.Re8+ Kh7 47.Rxd8 Nf3+ 48.Bxf3 Rh5+ 49.Kg3 Qg1+ 50.Kf4 Qh2+
51.Ke4 Qe5+ 52.Kd3 Qd6+ 53.Bd5  1-0

[Event "Dutch Team Championships"]
[Site "Breda NED"]
[Date "2000.06.02"]
[Round "2"]
[White "Carlier,B"]
[Black "Van Wissen,M"]
[Result "1-0"]
[WhiteElo "2418"]
[BlackElo "2231"]

1.Nf3 d5 2.g3 c5 3.Bg2 Nc6 4.d4 e6 5.O-O Qb6 6.dxc5 Bxc5 7.c4 d4 8.Nbd2 Nf6
9.b4 Bxb4 10.Rb1 Qc5 11.Nb3 Qf5 12.Bf4 O-O 13.Nbxd4 Nxd4 14.Nxd4 Qa5 15.Nb3 Qxa2
16.Be5 Qa4 17.Qc2 Be7 18.Ra1 Qe8 19.Rfd1 Nd7 20.Bd4 a6 21.Na5 Rb8 22.Rab1 e5
23.Bc3 f6 24.Nxb7 Nc5 25.Nd6 Bxd6 26.Rxd6 Rxb1+ 27.Qxb1 Na4 28.Bd5+ Kh8 29.Bb4 a5
30.Bxa5 Bd7 31.Qb7 Nc5 32.Qb6 Na4 33.Qc7  1-0

[Event "zt 1.8"]
[Site "Minsk BLR"]
[Date "2000.06.03"]
[Round "8"]
[White "Ibrahimov,R"]
[Black "Azarov,S"]
[Result "1/2-1/2"]
[WhiteElo "2415"]
[BlackElo "2429"]

1.Nf3 d5 2.g3 Nf6 3.Bg2 e6 4.O-O Be7 5.b3 b6 6.Bb2 Bb7 7.c4 O-O 8.d3 c5 9.e3 Nc6
10.Qe2 Qc7 11.Nc3 Rad8 12.Rac1 Qb8 13.Rfd1 Qa8 14.cxd5 exd5 15.d4 Rfe8 16.Nb5 Qb8
17.Ne5 Ne4 18.Nxc6 Bxc6 19.Nc3 Nf6 20.Qc2 cxd4 21.Rxd4 Bb7 22.Rdd1 d4 23.Rxd4 Rxd4
24.exd4 Bxg2 25.Kxg2 Qb7+ 26.Kg1 Bb4 27.a3 Bxc3 28.Qxc3 Qd5 29.Qd3 h5 30.h4 g6
31.Rd1 Nd7 32.b4 Rd8 33.Qe2  1/2-1/2

[Event "Olympic Capital Young Masters g/5"]
[Site "Lausanne SUI"]
[Date "2000.06.04"]
[Round "3.6"]
[White "Jenni,F"]
[Black "Fressinet,L"]
[Result "1/2-1/2"]
[WhiteElo "2446"]
[BlackElo "2501"]

1.g3 d5 2.Nf3 Bg4 3.Bg2 e6 4.c4 Nf6 5.d3 Bd6 6.b3 O-O 7.O-O Nbd7 8.Nbd2 a5
9.a3 Qe7 10.Bb2 c6 11.Qc2 e5 12.h3 Bh5 13.Nh4 Bg6 14.Nxg6 hxg6 15.e3 Rfe8
16.Nb1 e4 17.Nc3 exd3 18.Qxd3 Ne5 19.Qe2 dxc4 20.bxc4 Qe6 21.Rfd1 Nxc4 22.Rab1 Be5
23.Ba1 b5 24.Nxb5 cxb5 25.Bxa8 Rxa8 26.Rxb5 Bxa1 27.Rxa1 Qe4 28.f3 Qxe3+
29.Qxe3 Nxe3 30.Rc1 Nf5 31.Kf2 Nd4 32.Re5 a4 33.Rc4 Nb3 34.Rb5 Nd7 35.g4 Kf8
36.Kg3 Ndc5 37.Rbxc5 Nxc5 38.Rxc5 Ke7 39.Rc4 Ra7 40.Rb4 Kd6 41.Kf4 Ke6 42.h4 Kf6
43.Rb6+ Ke7 44.Ke4 Rc7 45.Rb4 Ra7 46.Kd5 Rd7+ 47.Ke4 Ra7 48.f4 Ke6 49.Rb6+ Ke7
50.Rb5 Ke6 51.Re5+ Kd6 52.h5 gxh5 53.Rxh5 Rc7 54.Rd5+ Ke6 55.Rd4 Ra7 56.Rb4 Ra5
57.f5+ Kf6 58.Kf4 g5+ 59.fxg6 Kxg6 60.Rb6+ f6 61.Rb4 Ra6 62.Ke4 Kg5 63.Kd5 Ra5+
64.Kc6 Ra8 65.Rd4 Ra6+ 66.Kb5 Ra8 67.Rc4 Ra7 68.Kb6 Ra8 69.Rd4 Kh4 70.Rf4 Kg5
71.Rf5+ Kg6 72.Kb7 Re8 73.Rf4 Kg5 74.Rxa4 Re3 75.Kc6 Rg3 76.Ra8 Kxg4 77.a4 Ra3
78.Rg8+ Kf4 79.Kb5 f5 80.a5 Ke4 81.Re8+ Kf3 82.Rh8 Kg3 83.Rg8+ Kf3 84.a6 f4
85.Kb6 Kf2 86.a7 f3 87.a8=Q Rxa8 88.Rxa8 Kg2 89.Rg8+ Kh2 90.Rf8 Kg2 91.Rxf3 Kxf3  1/2-1/2

[Event "Olympic Capital Young Masters g/25"]
[Site "Lausanne SUI"]
[Date "2000.06.04"]
[Round "3.3"]
[White "Malakhov,V"]
[Black "Galkin,A"]
[Result "1/2-1/2"]
[WhiteElo "2593"]
[BlackElo "2566"]

1.Nf3 d5 2.g3 g6 3.Bg2 Bg7 4.O-O Nf6 5.c4 c6 6.cxd5 cxd5 7.d4 O-O 8.Nc3 e6
9.Bf4 Nc6 10.Rc1 a6 11.Ne5 Nxe5 12.Bxe5 Bd7 13.Na4 Bxa4 14.Qxa4 Rc8 15.Qb4 Qd7
16.e3 Rc6 17.h4 Rfc8 18.Rxc6 Rxc6 19.Bf3 h5 20.Bxf6  1/2-1/2

[Event "Olympic Capital Young Masters g/5"]
[Site "Lausanne SUI"]
[Date "2000.06.04"]
[Round "3.6"]
[White "Malakhov,V"]
[Black "Galkin,A"]
[Result "1-0"]
[WhiteElo "2593"]
[BlackElo "2566"]

1.Nf3 d5 2.g3 g6 3.Bg2 Bg7 4.O-O Nf6 5.d3 O-O 6.Nbd2 Nc6 7.c3 a5 8.e4 e5
9.a4 Re8 10.Qc2 h6 11.h3 Be6 12.Re1 Qd7 13.Kh2 Rad8 14.Bf1 Qc8 15.b3 Qa8
16.Bb2 Qa7 17.Re2 Kh7 18.Rae1 Nd7 19.exd5 Bxd5 20.d4 Qb8 21.dxe5 Ndxe5 22.Nxe5 Bxe5
23.Rxe5 Nxe5 24.c4 Bxc4 25.Bxe5 Bxf1 26.Nxf1 Qc8 27.Bb2 Rxe1 28.Qc3 f6 29.Qxe1 Qd7
30.Qxa5 b6 31.Qc3 Rf8 32.Ne3 Qf7 33.Ng4 Qg8  1-0

[Event "Guillermo Garcia Premier I"]
[Site "Santa Clara CUB"]
[Date "2000.06.07"]
[Round "12"]
[White "Roeder,M"]
[Black "Abreu,A"]
[Result "1/2-1/2"]
[WhiteElo "2413"]
[BlackElo "2419"]

1.Nf3 d5 2.g3 Nf6 3.Bg2 c6 4.O-O Bg4 5.b3 Nbd7 6.Bb2 e6 7.c4 Be7 8.d4 h6
9.Nc3 O-O 10.Re1 Qb6 11.Qc1 a5 12.Nd2  1/2-1/2

[Event "zt 1.5"]
[Site "Yerevan ARM"]
[Date "2000.06.07"]
[Round "1"]
[White "Nalbandian,T"]
[Black "Asrian,K"]
[Result "1/2-1/2"]
[WhiteElo "2448"]
[BlackElo "2572"]

1.Nf3 d5 2.g3 c6 3.Bg2 Bg4 4.O-O Nd7 5.d3 e6 6.Nbd2 Bd6 7.c4 Ne7 8.b3 O-O
9.Bb2 a5 10.a3 b5 11.cxb5 cxb5 12.a4 bxa4 13.Rxa4 Bb4 14.Qa1 f6 15.Bc3 Nc6
16.Rc1 Qb6 17.Bxb4 Nxb4 18.Qd4 Qxd4 19.Nxd4 Nb6 20.Raa1 e5 21.h3 Bd7 22.Nc2 Kf7
23.Nxb4 axb4 24.Rxa8 Rxa8 25.Nc4 dxc4 26.Bxa8 cxb3 27.Rb1 Nxa8 28.Rxb3 Bxh3
29.Rxb4 Ke7 30.g4 Nc7 31.Kh2 Bf1 32.Re4 Nd5 33.Kg1 Nc3 34.Rc4 Bxe2 35.Rxc3 Bxg4
36.Kg2 g5 37.f3 Bf5 38.Kf2 h5 39.Ke3 h4 40.d4 exd4+ 41.Kxd4 Kf7 42.Ke3 Kg6
43.Ra3 Bh3 44.Kf2 Be6 45.Ra6 Kf5 46.Ra5+ Kg6 47.Ra6 Bc4 48.Rc6 Bd5 49.Rd6 Bf7
50.Ra6 Kf5 51.Ra5+ Ke6 52.Ra7 f5 53.Ra5 Kf6 54.Ra6+ Kg7 55.Ra5 Kg6 56.Ra6+ Kg7
57.Ra5 Bg6 58.Ra7+ Kh6 59.Ra5 g4 60.fxg4 fxg4 61.Ke3 g3 62.Kf4 g2 63.Ra1 Kh5
64.Rg1 h3  1/2-1/2

[Event "zt 4.2"]
[Site "Cairo EGY"]
[Date "2000.06.12"]
[Round "7"]
[White "Ezat,M"]
[Black "Labib,I"]
[Result "1/2-1/2"]
[WhiteElo "2352"]
[BlackElo "2426"]

1.Nf3 d5 2.g3 c6 3.Bg2 Bg4 4.O-O Nd7 5.d3 e5 6.Nbd2 Ngf6 7.e4 Bd6 8.h3 Bh5
9.Re1 O-O 10.Nf1 dxe4 11.dxe4 Nc5 12.N1d2 Qc7 13.g4 Bg6 14.Nh4 Rfd8 15.Nf5 Bf8
16.Qf3 Ne6 17.c3 Nc5 18.Bf1 Rd7 19.Nb3 Ne6 20.h4 h5 21.g5 Ne8 22.Ng3 a5 23.a4 Rad8
24.Nxh5 Bxh5 25.Qxh5 g6 26.Qf3 N8g7 27.Be3 Nh5 28.Bh3 c5 29.Rab1 c4 30.Nc1 Bc5
31.Ne2 Rd3 32.Ng3 Bxe3 33.fxe3 Nxg3 34.Bxe6 Nh5 35.Bd5 Nf4 36.Rbd1 Nxd5 37.exd5 e4
38.Qxe4 R8xd5 39.Qf3 Qd7 40.Ra1 Rd2 41.Re2 Rxe2 42.Qxe2 Qh3 43.Qg2 Qxe3+
44.Qf2 Qh3 45.Rf1 Rf5 46.Qg2 Qxh4 47.Rxf5 gxf5 48.Qxb7 Qxg5+ 49.Kf1 Qf4+
50.Kg1 Qg4+ 51.Kf1 Qf4+ 52.Kg1 Qe4 53.Qb6 Qg4+ 54.Kf1 Qf4+ 55.Kg1 Qe5 56.Qb5 Qg3+
57.Kf1 Qd3+ 58.Kf2 Qc2+ 59.Kf3 Qe4+ 60.Kf2 Kg7 61.Qxa5 Qc2+ 62.Kf3 Qe4+ 63.Kf2 Qc2+
64.Kf3 Qxb2 65.Qe5+ Kg6 66.Qg3+ Kf6 67.Qh4+ Kg6 68.Qxc4 Qa1 69.Kg2 Kg5 70.Qd4 f6
71.Qd2+ f4 72.Qd5+ Kg4 73.Qf3+ Kg5 74.Qd5+ Kg4 75.Qd7+ Kg5 76.Qb5+ f5 77.Qb3 f3+
78.Kf2 Qh1 79.Qg8+ Kf4 80.Qb8+ Ke4 81.Qb7+ Kf4 82.Qc7+ Kg5 83.Qg3+ Kf6 84.Qxf3 Qh4+
85.Qg3 Qxa4 86.Qd6+ Kf7 87.Qd5+ Kf6 88.Qd4+ Qxd4+ 89.cxd4 Ke6 90.Ke3 Kd5
91.Kf4  1/2-1/2

[Event "IV Pablo Gorbea Mem Open"]
[Site "Madrid ESP"]
[Date "2000.06.13"]
[Round "4"]
[White "Guerra Bastida,D"]
[Black "San Segundo Carrillo,P"]
[Result "1/2-1/2"]
[WhiteElo "2313"]
[BlackElo "2497"]

1.Nf3 d5 2.g3 Bg4 3.Bg2 c6 4.O-O Nd7 5.d3 Ngf6 6.Qe1 e5 7.e4 dxe4 8.dxe4 Bc5
9.b4 Bd6 10.a3 a5 11.bxa5 Qxa5 12.Nbd2 Qa4 13.Bb2 Bxf3 14.Bxf3 Qxc2 15.Qc1 Qxc1
16.Rfxc1 O-O 17.Nc4 Bc7 18.Ne3 Ra4 19.Nd5 Bd6 20.Nc3 Ra7 21.g4 h6 22.h4 Be7
23.Rd1 Nc5 24.g5 hxg5 25.hxg5 Nh7 26.g6 fxg6 27.Be2 b5 28.a4 b4 29.Bc4+ Kh8
30.Ne2 Nxe4 31.Bxe5 Nxf2 32.Rf1 Ra5 33.Rxf2 Rxe5 34.Rxf8+ Bxf8 35.Kf1 g5
36.a5 Bc5 37.a6 Re7 38.Rd1 Nf6 39.Ng3 g6 40.Rd8+ Kg7 41.Kg2 Ng4 42.Nf1 Kf6
43.Rc8 Ne5 44.Ng3 Nxc4 45.Rxc6+ Ke5 46.Rxc5+ Kd4 47.Rb5 Ne3+ 48.Kf2 Ng4+
49.Kg2 Ne3+ 50.Kf2 Rf7+ 51.Ke2 Nd5 52.Rb7 Rf6 53.a7 Ra6 54.Kf3 Ra3+ 55.Kg4 Kc5
56.Ne4+ Kc6 57.Rg7 b3 58.Rxg6+ Kb5  1/2-1/2

[Event "zt 1.5"]
[Site "Yerevan ARM"]
[Date "2000.06.13"]
[Round "7"]
[White "Minasian,Art"]
[Black "Kacheishvili,G"]
[Result "1-0"]
[WhiteElo "2598"]
[BlackElo "2564"]

1.Nf3 d5 2.g3 Nc6 3.d4 Bf5 4.Bg2 e6 5.O-O Nf6 6.c4 Be7 7.Nc3 Ne4 8.Qb3 Na5
9.Qa4+ c6 10.Nxe4 Bxe4 11.b3 Bc2 12.Ne1 Bd1 13.Bd2 Nxc4 14.Rxd1 Nb2 15.Qa5 Qxa5
16.Bxa5 Nxd1 17.Nd3 Nxf2 18.Kxf2 Bd6 19.e4 f5 20.exd5 exd5 21.Re1+ Kf7 22.Ne5+ Bxe5
23.dxe5 Ke6 24.h4 b6 25.Bd2 c5 26.Bf1 Rac8 27.Ba6 Rc7 28.Kf3 g6 29.Bh6 Rd8
30.Rd1 Rcd7 31.Kf4 Rb8 32.a4 Rc7 33.Be2 Rbc8 34.Ba6 c4 35.Bxc8+ Rxc8 36.bxc4 Rxc4+
37.Kf3 Rxa4 38.Bf4 b5 39.Rc1 Rc4 40.Ra1 Ra4 41.Rb1 a6 42.h5 Rc4 43.hxg6 hxg6
44.Rh1 Rc7 45.Rh8 Rb7 46.Rf8 b4 47.Rf6+ Ke7 48.Bg5 Ke8 49.Rxg6 Kf7 50.Rd6  1-0

[Event "IHEM"]
[Site "Hamburg GER"]
[Date "2000.06.16"]
[Round "7"]
[White "Schuetze,M"]
[Black "Trabert,B"]
[Result "0-1"]
[WhiteElo "2221"]
[BlackElo "2273"]

1.Nf3 d5 2.g3 Bg4 3.Bg2 Nd7 4.d3 e6 5.Nbd2 Bd6 6.O-O Ne7 7.Qe1 O-O 8.e4 c5
9.h3 Bh5 10.Kh1 a5 11.Ng1 Ra6 12.g4 Bg6 13.f4 f6 14.Ne2 a4 15.a3 Re8 16.Qf2 Bb8
17.exd5 exd5 18.f5 Bf7 19.Nf4 Qc7 20.Nf3 Nc6 21.Bd2 d4 22.Rae1 Rxe1 23.Rxe1 Nce5
24.Nxe5 Nxe5 25.Be4 b5 26.Rg1 h6 27.h4 Qd6 28.Qg2 Bc7 29.Qh3 Bd8 30.Re1 b4
31.Qg2 bxa3 32.bxa3 Rb6 33.Ba5 Rb2 34.Bxd8 Qxd8 35.Ne6 Qe7 36.g5 hxg5 37.hxg5 fxg5
38.Nxg5 Qf6 39.Nxf7 Qh4+  0-1

[Event "53rd ch-RUS"]
[Site "Samara RUS"]
[Date "2000.06.16"]
[Round "1"]
[White "Burmakin,V"]
[Black "Meister,Y"]
[Result "1/2-1/2"]
[WhiteElo "2567"]
[BlackElo "2473"]

1.Nf3 d5 2.g3 Nf6 3.Bg2 Nbd7 4.d4 e6 5.O-O b5 6.Qd3 Rb8 7.Nbd2 c5 8.e4 dxe4
9.Nxe4 Nxe4 10.Qxe4 Bb7 11.Qd3 Bd5 12.Rd1 c4 13.Qe2 Be7 14.a4 a6 15.axb5 axb5
16.Ne5 Bxg2 17.Kxg2 Nxe5 18.dxe5 Qc7 19.Qe4 O-O 20.Be3 Bc5 21.Bxc5 Qxc5 22.Rd6 Qc7
23.Qc6 Qxc6+ 24.Rxc6 Rfd8 25.Ra7 Rd5 26.Rb7 Rf8 27.f4 Rd2+ 28.Kh3 Rxc2 29.Rxb5 h5  1/2-1/2